Central Library OPAC University of Rajshahi

কমলগঞ্জের ভাষা-বৈচিত্র্য / (Record no. 75778)

MARC details
000 -LEADER
fixed length control field 01241nam a22002657a 4500
001 - CONTROL NUMBER
control field 75778
003 - CONTROL NUMBER IDENTIFIER
rucl marc code BD-RjUL
005 - DATE AND TIME OF LATEST TRANSACTION
control field 20211209082738.0
008 - FIXED-LENGTH DATA ELEMENTS--GENERAL INFORMATION
fixed length control field 190703s2018 bg a|||| b||| 001 0 ben d
020 ## - INTERNATIONAL STANDARD BOOK NUMBER
International Standard Book Number 9789844410046
035 ## - SYSTEM CONTROL NUMBER
System control number (BD-RjUL)75997
040 ## - CATALOGING SOURCE
Original cataloging agency BD-RjUL
Language of cataloging eng
Transcribing agency BD-RjUL
041 ## - LANGUAGE CODE
Language code of text/sound track or separate title eng
082 ## - DEWEY DECIMAL CLASSIFICATION NUMBER
Edition number 23
Classification number 305.80095492
Author mark and year KAM 2018
245 ## - TITLE STATEMENT
Title কমলগঞ্জের ভাষা-বৈচিত্র্য /
Statement of responsibility, etc. সম্পাদনা মোহাম্মদ মাহমুদুল হক, সম্পাদনা সহযোগী আহমদ রিয়াজ ও শাহজাহান মানিক
260 ## - PUBLICATION, DISTRIBUTION, ETC. (IMPRINT)
Place of publication, distribution, etc. কমলগঞ্জ :
Name of publisher, distributor, etc. উপজেলা প্রশাসন,
Date of publication, distribution, etc. ২০১৮
300 ## - PHYSICAL DESCRIPTION
Pagination ১৩৬ পৃ. :
Illustrations চিত্র ;
Size ২৪ সেমি.
504 ## - BIBLIOGRAPHY, ETC. NOTE
Bibliography, etc বিবলিওগ্রাফি ও ইনডেক্স আছে
650 ## - SUBJECT ADDED ENTRY--TOPICAL TERM
Topical term or geographic name as entry element Tribal
Geographic subdivision Bangladesh
General subdivision Social life and customs.
9 (RLIN) 232184
Topical term or geographic name as entry element Tribes
Geographic subdivision Bangladesh.
9 (RLIN) 232185
700 ## - ADDED ENTRY--PERSONAL NAME
Personal name হক, মোহাম্মদ মাহমুদুল
Personal name রিয়াজ, আহমদ
Personal name মানিক, শাহজাহান
942 ## - ADDED ENTRY ELEMENTS (KOHA)
Source of classification or shelving scheme Dewey Decimal Classification
Koha item type Books
Holdings
Lost status Source of classification or shelving scheme Damaged status Not for loan Permanent Location Current Location Shelving location Date acquired Source of acquisition Cost, normal purchase price Total Checkouts Full call number Date last seen Copy number Koha item type
  Dewey Decimal Classification   Not For Loan Central Library, University of Rajshahi Central Library, University of Rajshahi Reading Room 20/05/2019 Author 350.00   B 305.80095492 KAM 2018 03/07/2019 C-1 Books